Antología poética /
Guardado en:
| Autor Principal: | |
|---|---|
| Otros Autores: | |
| Formato: | Libro |
| Publicado: |
Buenos Aires :
Alianza,
2014
|
| Series: | Colección Juan Gelman
|
| Materias: | |
| Etiquetas: |
Agregar Etiqueta
Sin Etiquetas, Sea el primero en etiquetar este registro!
|
| LEADER | 02228nam a22003015a 4500 | ||
|---|---|---|---|
| 001 | CEM.cems014826 | ||
| 008 | 130507s2014##################000#0#####d | ||
| 005 | 20220208103731.0 | ||
| 003 | CEMS | ||
| 245 | 1 | 0 | |a Antología poética / |c Rafael Alberti ; prólogo y Selección de Natalia Calamai |
| 260 | |a Buenos Aires : |b Alianza, |c 2014 | ||
| 300 | |a 344 p. | ||
| 490 | 0 | |a Colección Juan Gelman | |
| 500 | |a Edición especial del Ministerio de Educación de la Nación | ||
| 505 | 0 | |a Prólogo de Natalia Calamai -- Bibliografía -- Poesías anteriores a "Marinero en Tierra" (1920-1923) -- Marinero en tierra (1924) -- La amante (1925) -- El alba del alhelí (1925-1926) -- Cal y canto (1926-1927) -- Yo era un tonto y lo que he visto me ha hecho dos tontos (1929) -- Sobre los ángeles (1927-1928) -- Sermones y morada (1929-1930) -- Con los zapatos puestos tengo que morir (1930) -- Verte y no verte (1934) --De un momento a otro (1932-1938) -- 13 bandas y 48 estrellas (1935) -- El poeta en la calle (1931-1939) -- Vida bilingüede un refugiado español en Francia (1939-1940) -- Entre el clavel y la espada (1939-1940) -- Pleamar (1942-1944) -- A la pintura (1945-1952) -- Retorno de lo vivo lejano (1948-1952) -- Coplas de Juan Panadero (1949-1979) -- Ora maritima (1953) -- Baladas y canciones del Paraná (1953-1954) -- Abierto a todas horas (1960-1963) --Los 8 nombres de Picasso y no digo más que lo que no digo (1966-1970) -- Canciones del alto valle del Aniene y otros versos y prosas (1967-1972) -- El desvelo (1970-1971) -- Roma, peligro para caminantes (1968) -- Fustigada luz (1972-1978) -- Versos sueltos de cada día (1979-1982) -- Golfo de sombras (1986) -- Canciones para Altair (1989) | |
| 020 | |a 9789504002932 | ||
| 100 | 1 | |a Alberti, Rafael | |
| 700 | 1 | |a Calamai, Natalia; prol. | |
| 082 | 0 | 4 | |a 861.6 |
| 653 | |a Literatura | ||
| 653 | |a Literatura española | ||
| 653 | |a Poesía | ||
| 653 | |a Poesía española | ||
| 653 | |a Biblioteca Juan Gelman | ||
| 653 | |a Colección Juan Gelman | ||
| 859 | |a CEMS |b BIB. CEMS - 11 de abril |h 861.6 |i AL14-2 |p 27470.18 |t Ej.1 | ||
| 859 | |a CEMS |b BIB. CEMS - Agricultura |h 861.4 |i Al146 |p A2302.15 |t Ej.1 | ||
| 859 | |a CEMS |b BIB. CEMS - 11 de abril |h 861.6 |i AL14-2 |p 27792.19 |t Ej.2 | ||
